| 000 | 01192nam a2200301 a 4500 | ||
|---|---|---|---|
| 003 | BLK | ||
| 005 | 20250627091925.0 | ||
| 008 | 181018b bu ||||| |||| 00| 0 bu d | ||
| 020 | _a978-954-27-2140-6 | ||
| 040 | _aBLK | ||
| 041 |
_aBUL _cBUL |
||
| 080 |
_aАмериканска литература (на САЩ) _b821.111(73) _x-31 _z821.111(73)-31 |
||
| 100 |
_aМакменъс, Карън М. _eпърви автор _9390275 |
||
| 139 | _aМакменъс, Карън | ||
| 245 |
_aЕдин от нас лъже _cКарън Макменъс ; прев. от англ. ез. Йоана Гацова |
||
| 257 | _aUSA | ||
| 260 |
_9209434 _aСофия _bЕгмонт България _c2018 |
||
| 300 |
_a348 с. _c21 см |
||
| 380 | _aX | ||
| 490 |
_9490786 _aЕдин от нас лъже _vКн. 1 |
||
| 500 | _aОриг. загл.: One of us in lying / Karen M. McManus. - За авторката | ||
| 700 |
_aГацова, Йоана Пламенова _gПреводач от английски език _9341786 |
||
| 852 |
_aЦб 290928 _bЦб |
||
| 942 |
_cKNG _n0 _071 |
||
| 944 |
_k30530 _lМинев Младен |
||
| 999 |
_c325557 _d325557 |
||
| 999 | _d325557 | ||
| 999 | _d325557 | ||